Nietzsche

Shranjeno v:
Bibliografske podrobnosti
Glavni avtor: Deleuze, Gilles (Author)
Format: Knjiga
Jezik:španščina
Izdano: Buenos Aires Cactus 2019
Izdaja:1a. ed
Serija:Occursus
Teme:
Oznake: Označite
Brez oznak, prvi označite!

MARC

LEADER 00000cam a2200000 a 4500
001 UCC8661
003 CL-VaPUC
005 20241024143750.0
008 190809e20190000ag |||||||||||||||||spa|d
020 |a 9789873831348 
040 |c Pontificia Universidad Católica de Valparaíso 
082 0 4 |a 194  |b DEL  |2 21 
100 |a Deleuze, Gilles  |e author  |9 487836 
245 1 0 |a Nietzsche 
250 |a 1a. ed 
260 |a Buenos Aires  |b Cactus  |c 2019 
300 |a 96 p 
490 0 |a Occursus 
583 |a last modification  |c 20190809 11:18:00  |k Rodrigo Vera 
650 0 |a Filosofía contemporánea  |9 265372 
650 0 |a Filosofía alemana   |9 265002 
650 0 |a Crítica e interpretación   |9 255042 
942 |c BK 
945 |d 20190809 11:18:00  |a dcastane 
999 |c 374930  |d 374928 
952 |0 0  |1 0  |3 erb  |4 0  |6 194_000000000000000_DEL_2019  |7 0  |8 A  |9 493711  |a BIBART  |b BIBART  |i 5556813  |o 194 DEL 2019  |p 5556813  |r 2025-03-13  |w 2019-11-24  |y BK  |z Catalogado en:20190809  |k ART